Beatrice: súmrak, zima

Bibliographic Details
Main Author: Vynnyčuk, Jurij 1952- (Author)
Other Authors: Oriešek, Patrik, 1977- (Translator)
Format: Article
Language:Slovak
Ukrainian
ISSN:1336-4316
Subjects:

MARC

LEADER 00000nab a2200000 a 4500
001 vtls008955106
003 SK-MaSNL
005 20260303070336.0
008 140403c2006 xo r|p|||||||000 b|slo
015 |a SNBRB2007/03  |2 snkbucl 
038 |a SNKBUCL 
040 |a SNKBUCL  |b slo  |c SNKBUCL  |e AACR2 
041 1 |a slo  |h ukr 
044 |a xo  |c SK 
080 |a 821.161.2-32  |2 2001 
100 1 |a Vynnyčuk, Jurij  |d 1952-  |4 aut  |9 97663 
245 1 0 |a Beatrice: súmrak, zima  |c Jurij Vynnyčuk ; pripravil a z ukrajinčiny preložil Patrik Oriešek 
500 |a Poznámka o autorovi na s. 60 
500 |a Pod spoločným názvom Made in Ukrajina 
500 |a Datované 1976 
650 0 7 |a spoločenské poviedky, ukrajinské  |2 snkbucl  |9 70189 
700 1 |a Oriešek, Patrik,  |d 1977-  |4 trl  |9 103589 
773 0 |t Fragment  |g Roč. XX, č. 5-6 (2006), s. 86-90  |x 1336-4316 
852 |a SNK  |b KIS3GCP 
958 |a LX 
958 |a UA 
999 |c 1754963  |d 1756893